[Event "FIDE Open World Blitz 2021"]
[Site "Warsaw"]
[Date "2021.12.29"]
[Round "6.5"]
[White "Kovalev, Vladislav"]
[Black "Jobava, Baadur"]
[Result "1/2-1/2"]
[WhiteElo "2634"]
[BlackElo "2582"]
[Annotator "ChessBase"]
[PlyCount "109"]
[EventDate "2021.12.29"]
[EventType "swiss"]
[EventCountry "POL"]
[Tiebreak "Cut1 Buchholz"]
[SourceTitle "playchess.com"]
[Source "ChessBase"]
[SourceQuality "1"]

1. e4 e6 2. d3 d5 3. Nd2 b6 4. g3 Bb7 5. Bg2 Nc6 6. Ngf3 Qd7 7. O-O O-O-O 8.
exd5 exd5 9. a4 a5 10. Nb3 Kb8 11. Nbd4 Nxd4 12. Nxd4 Nf6 13. Qf3 h6 14. Nb5
Qg4 15. Bf4 Rd7 16. Qxg4 Nxg4 17. Bh3 f5 18. f3 Nf6 19. Bxf5 Rf7 20. Bg6 Rd7
21. Rfe1 Bc6 22. Nd4 Kb7 23. Nxc6 Kxc6 24. d4 Bd6 25. Re6 Rf8 26. Rae1 Rfd8 27.
c3 Kb7 28. Bxd6 Rxd6 29. Rxd6 Rxd6 30. Re7 Rd7 31. Rxd7 Nxd7 32. Kf2 c6 33. Ke3
Kc7 34. h4 Nf6 35. g4 b5 36. axb5 cxb5 37. g5 hxg5 38. hxg5 Ng8 39. f4 Ne7 40.
Bd3 b4 41. cxb4 axb4 42. f5 Kd6 43. f6 gxf6 44. gxf6 Nc6 45. Bf5 Na5 46. Bd3
Ke6 47. Kf4 Kxf6 48. Ke3 Ke6 49. Kf4 Nc4 50. Bxc4 dxc4 51. Ke4 Kd6 52. d5 c3
53. bxc3 bxc3 54. Kd3 Kxd5 55. Kxc3 1/2-1/2

[Event "FIDE Open World Blitz 2021"]
[Site "Warsaw"]
[Date "2021.12.29"]
[Round "6.5"]
[White "Ivic, Velimir"]
[Black "Nepomniachtchi, Ian"]
[Result "1/2-1/2"]
[WhiteElo "2575"]
[BlackElo "2782"]
[Annotator "TA"]
[PlyCount "47"]
[EventDate "2021.12.29"]
[EventType "swiss"]
[EventCountry "POL"]
[Tiebreak "Cut1 Buchholz"]
[SourceTitle "playchess.com"]
[Source "ChessBase"]
[SourceQuality "1"]

1. e4 e5 2. Nf3 Nf6 3. d4 Nxe4 4. Bd3 d5 5. Nxe5 Nd7 6. Nc3 Nxe5 7. dxe5 Nxc3
8. bxc3 Bc5 9. O-O O-O 10. Qh5 g6 11. Qh6 Re8 12. Bg5 Bf8 13. Bxd8 Bxh6 14.
Bxc7 Bf5 15. Bxf5 gxf5 16. Rfd1 Rac8 17. Bd6 Rxc3 18. Rxd5 Rxc2 19. a4 Rec8 20.
g3 Kg7 21. Ra3 Rd2 22. Rad3 Rxd3 23. Rxd3 Bg5 24. a5 1/2-1/2

[Event "FIDE Open World Blitz 2021"]
[Site "Warsaw"]
[Date "2021.12.29"]
[Round "6.6"]
[White "Anton Guijarro, David"]
[Black "Carlsson, Pontus"]
[Result "1-0"]
[WhiteElo "2669"]
[BlackElo "2457"]
[Annotator "ChessBase"]
[PlyCount "85"]
[EventDate "2021.12.29"]
[EventType "swiss"]
[EventCountry "POL"]
[Tiebreak "Cut1 Buchholz"]
[SourceTitle "playchess.com"]
[Source "ChessBase"]
[SourceQuality "1"]

1. Nf3 Nf6 2. c4 c5 3. Nc3 b6 4. e3 e6 5. d4 cxd4 6. exd4 Bb4 7. Bg5 h6 8. Bh4
O-O 9. Bd3 Bb7 10. O-O Bxc3 11. bxc3 d6 12. a4 Nbd7 13. Nd2 Qc7 14. a5 Rfe8 15.
f3 d5 16. Bg3 Qc8 17. Qa4 Bc6 18. Qa3 Nh5 19. Bd6 dxc4 20. Nxc4 Bd5 21. Ne3 Bc6
22. c4 Nhf6 23. Rfc1 bxa5 24. Qxa5 Nb6 25. Be5 Nbd7 26. Bg3 Nb6 27. Bf1 Qd7 28.
Rd1 Bb7 29. Rab1 Qe7 30. Bh4 g5 31. Bg3 Nh5 32. Bf2 Nf4 33. Ng4 Kg7 34. Bg3 Nh5
35. Be5+ f6 36. Bg3 Nxg3 37. hxg3 h5 38. Ne3 Qc7 39. c5 Qxg3 40. cxb6 Bxf3 41.
Qe1 Qxe1 42. Rxe1 Be4 43. Rb2 1-0

[Event "FIDE Open World Blitz 2021"]
[Site "Warsaw"]
[Date "2021.12.29"]
[Round "6.6"]
[White "Martirosyan, Haik M."]
[Black "Jumabayev, Rinat"]
[Result "1-0"]
[WhiteElo "2624"]
[BlackElo "2658"]
[Annotator "ChessBase"]
[PlyCount "91"]
[EventDate "2021.12.29"]
[EventType "swiss"]
[EventCountry "POL"]
[Tiebreak "Cut1 Buchholz"]
[SourceTitle "playchess.com"]
[Source "ChessBase"]
[SourceQuality "1"]

1. d4 d5 2. c4 e6 3. Nf3 Nf6 4. Nc3 Nbd7 5. cxd5 exd5 6. Bg5 c6 7. Qc2 Be7 8.
e3 Nh5 9. Bxe7 Qxe7 10. O-O-O g6 11. Bd3 Nb6 12. Kb1 Ng7 13. h4 Bf5 14. Bxf5
Nxf5 15. h5 O-O-O 16. Ne5 Nd6 17. Rh3 f6 18. Nd3 g5 19. Nc5 Kb8 20. h6 f5 21.
Nd3 Nbc4 22. Ka1 Nf7 23. Nc5 Nfd6 24. b3 Nb6 25. Rb1 f4 26. Nd3 g4 27. Rhh1
fxe3 28. Rbe1 Nf5 29. fxe3 Nd7 30. Qf2 Rdf8 31. e4 dxe4 32. Nxe4 Ka8 33. Qb2
Nb6 34. Ne5 Rd8 35. Nxg4 Nxd4 36. Rhf1 Qb4 37. Ne5 Rhe8 38. Nd3 Qb5 39. Nec5
Rxe1+ 40. Rxe1 Nf5 41. a4 Qa5 42. b4 Nxa4 43. bxa5 Nxb2 44. Nxb2 b6 45. Ne6 Rd5
46. Nc7+ 1-0

[Event "FIDE Open World Blitz 2021"]
[Site "Warsaw"]
[Date "2021.12.29"]
[Round "6.7"]
[White "Svane, Rasmus"]
[Black "Klimkowski, Jan"]
[Result "1-0"]
[WhiteElo "2628"]
[BlackElo "2015"]
[Annotator "ChessBase"]
[PlyCount "75"]
[EventDate "2021.12.29"]
[EventType "swiss"]
[EventCountry "POL"]
[Tiebreak "Cut1 Buchholz"]
[SourceTitle "playchess.com"]
[Source "ChessBase"]
[SourceQuality "1"]

1. Nf3 Nf6 2. g3 b5 3. Bg2 Bb7 4. d4 e6 5. Bg5 Be7 6. Qd3 a6 7. c3 O-O 8. Bxf6
Bxf6 9. Ng5 Bxg5 10. Bxb7 Ra7 11. Bg2 d5 12. a4 Rb7 13. axb5 axb5 14. O-O Nd7
15. e4 c6 16. f4 Be7 17. f5 Kh8 18. Nd2 b4 19. e5 bxc3 20. bxc3 exf5 21. Rxf5
Bg5 22. Raf1 g6 23. R5f2 Nb6 24. e6 Qe8 25. Nf3 Bh6 26. Ne5 Qxe6 27. Rf6 Qe8
28. Qa6 Rb8 29. Nxc6 Nd7 30. Nxb8 Nxf6 31. Qxf6+ Bg7 32. Qd6 Qxb8 33. Qxd5 Qb2
34. Qc4 Qd2 35. Kh1 h5 36. h4 Qe3 37. Kh2 Ra8 38. Bxa8 1-0

[Event "FIDE Open World Blitz 2021"]
[Site "Warsaw"]
[Date "2021.12.29"]
[Round "6.7"]
[White "Kantor, Gergely"]
[Black "Sargissian, Gabriel"]
[Result "0-1"]
[WhiteElo "2566"]
[BlackElo "2664"]
[Annotator "ChessBase"]
[PlyCount "58"]
[EventDate "2021.12.29"]
[EventType "swiss"]
[EventCountry "POL"]
[Tiebreak "Cut1 Buchholz"]
[SourceTitle "playchess.com"]
[Source "ChessBase"]
[SourceQuality "1"]

1. d4 Nf6 2. c4 e6 3. Nf3 d5 4. Nc3 Bb4 5. Qa4+ Nc6 6. a3 Bxc3+ 7. bxc3 Ne4 8.
Bf4 Bd7 9. Qc2 g5 10. Be3 g4 11. Nd2 Nd6 12. Bf4 Nxc4 13. Nxc4 dxc4 14. e4 e5
15. Bg3 exd4 16. Bxc4 h5 17. cxd4 h4 18. Bf4 Qf6 19. Qd2 h3 20. e5 Qg6 21. O-O
O-O-O 22. Rab1 Qe4 23. f3 Qxd4+ 24. Qxd4 Nxd4 25. Bg5 hxg2 26. Kxg2 gxf3+ 27.
Rxf3 Nxf3 28. Bxd8 Nd2 29. Bd5 Nxb1 0-1

[Event "FIDE Open World Blitz 2021"]
[Site "Warsaw"]
[Date "2021.12.29"]
[Round "6.8"]
[White "Harikrishna, Pentala"]
[Black "Nakamura, Hikaru"]
[Result "1/2-1/2"]
[WhiteElo "2614"]
[BlackElo "2736"]
[Annotator "ChessBase"]
[PlyCount "100"]
[EventDate "2021.12.29"]
[EventType "swiss"]
[EventCountry "POL"]
[Tiebreak "Cut1 Buchholz"]
[SourceTitle "playchess.com"]
[Source "ChessBase"]
[SourceQuality "1"]

1. e4 e5 2. Nf3 Nc6 3. Bb5 a6 4. Ba4 d6 5. c3 Bd7 6. d4 g6 7. O-O Bg7 8. Re1
Nf6 9. Bg5 h6 10. Bh4 b5 11. Bb3 O-O 12. dxe5 Nxe5 13. Nxe5 dxe5 14. a4 Qe7 15.
axb5 axb5 16. Rxa8 Rxa8 17. Nd2 Kh7 18. Nf1 Rd8 19. Qe2 c6 20. Rd1 Ra8 21. Ne3
Be6 22. Qc2 Kg8 23. h3 Bxb3 24. Qxb3 g5 25. Nf5 Qe8 26. Nd6 Qe6 27. Qxe6 fxe6
28. Bg3 Rd8 29. Rd2 Rd7 30. Bxe5 Ne8 31. Bxg7 Rxd6 32. Bd4 e5 33. Be3 Rxd2 34.
Bxd2 Kf7 35. f3 c5 36. Be3 c4 37. h4 Kg6 38. hxg5 hxg5 39. Kh2 g4 40. Kg3 Nf6
41. Kh4 gxf3 42. gxf3 Nd7 43. Kg4 Nf6+ 44. Kg3 Nh5+ 45. Kg4 Nf6+ 46. Kh4 Nd7
47. Kg3 Nf6 48. Bd2 Nh5+ 49. Kh4 Nf6 50. Be3 Nd7 1/2-1/2

[Event "FIDE Open World Blitz 2021"]
[Site "Warsaw"]
[Date "2021.12.29"]
[Round "6.8"]
[White "Janik, Igor"]
[Black "Karjakin, Sergey"]
[Result "0-1"]
[WhiteElo "2508"]
[BlackElo "2743"]
[Annotator "ChessBase"]
[PlyCount "74"]
[EventDate "2021.12.29"]
[EventType "swiss"]
[EventCountry "POL"]
[Tiebreak "Cut1 Buchholz"]
[SourceTitle "playchess.com"]
[Source "ChessBase"]
[SourceQuality "1"]

1. e4 c5 2. Nf3 d6 3. Bb5+ Nd7 4. O-O Ngf6 5. Re1 a6 6. Bd3 Qc7 7. c4 Ne5 8.
Nxe5 dxe5 9. Nc3 e6 10. Qf3 Be7 11. Be2 Bd7 12. d3 b5 13. Qg3 O-O 14. f4 Bd6
15. f5 exf5 16. Nd5 Nxd5 17. Bh6 g6 18. Bxf8 f4 19. Bxd6 Qxd6 20. Qf2 Ne3 21.
Rac1 Qd4 22. Bf3 Be6 23. b3 Qxd3 24. cxb5 Qxb5 25. Qb2 c4 26. a4 Qb6 27. Kh1
cxb3 28. Qxe5 Nc4 29. Qxf4 b2 30. Rcd1 Na3 31. e5 Rc8 32. Be4 Rc4 33. Qf6 Rd4
34. Bb1 Nxb1 35. Rxb1 Rd2 36. Rf1 Qd4 37. Qf3 Bd5 0-1

[Event "FIDE Open World Blitz 2021"]
[Site "Warsaw"]
[Date "2021.12.29"]
[Round "6.9"]
[White "Onyshchuk, Volodymyr"]
[Black "Gukesh D"]
[Result "1-0"]
[WhiteElo "2622"]
[BlackElo "2621"]
[Annotator "ChessBase"]
[PlyCount "81"]
[EventDate "2021.12.29"]
[EventType "swiss"]
[EventCountry "POL"]
[Tiebreak "Cut1 Buchholz"]
[SourceTitle "playchess.com"]
[Source "ChessBase"]
[SourceQuality "1"]

1. e4 c5 2. Nf3 Nc6 3. Bb5 g6 4. Bxc6 dxc6 5. d3 Qc7 6. e5 Bg7 7. Qe2 Nh6 8. h3
Nf5 9. c3 Be6 10. O-O Bd5 11. Nbd2 O-O 12. Re1 Rad8 13. b3 b6 14. Bb2 Bh8 15.
Rad1 Ng7 16. Ne4 Ne6 17. c4 Bxe4 18. Qxe4 Rd7 19. h4 Rfd8 20. h5 Bg7 21. g3 b5
22. Bc3 a5 23. Kg2 a4 24. Rh1 axb3 25. axb3 Ra8 26. hxg6 hxg6 27. Qh4 Qd8 28.
Bd2 Kf8 29. Bh6 Bxh6 30. Qxh6+ Ke8 31. Ng5 Rd4 32. Nxe6 fxe6 33. Qxg6+ Kd7 34.
Ra1 Rxa1 35. Rxa1 Qb8 36. Ra6 bxc4 37. bxc4 Qb7 38. Ra3 Qb8 39. Ra1 Qxe5 40.
Ra7+ Kc8 41. Qe8+ 1-0

[Event "FIDE Open World Blitz 2021"]
[Site "Warsaw"]
[Date "2021.12.29"]
[Round "6.9"]
[White "Ter-Sahakyan, Samvel"]
[Black "Duda, Jan-Krzysztof"]
[Result "0-1"]
[WhiteElo "2565"]
[BlackElo "2756"]
[Annotator "ChessBase"]
[PlyCount "129"]
[EventDate "2021.12.29"]
[EventType "swiss"]
[EventCountry "POL"]
[Tiebreak "Cut1 Buchholz"]
[SourceTitle "playchess.com"]
[Source "ChessBase"]
[SourceQuality "1"]

1. e4 e5 2. Nf3 Nc6 3. Bb5 a6 4. Ba4 Nf6 5. O-O Be7 6. Re1 b5 7. Bb3 O-O 8. a4
Rb8 9. axb5 axb5 10. h3 d6 11. c3 b4 12. d3 bxc3 13. bxc3 h6 14. Nbd2 Nh7 15.
Bc4 Ng5 16. Bd5 Bd7 17. Ra6 Qe8 18. Nxg5 Bxg5 19. Nf3 Bxc1 20. Qxc1 Ne7 21. Ba2
Bb5 22. Ra3 Bxd3 23. c4 Ra8 24. Re3 Rxa3 25. Qxa3 Bc2 26. c5 Qa8 27. cxd6 Qxa3
28. Rxa3 cxd6 29. Nd2 Nc6 30. Nc4 Rd8 31. f3 Nb4 32. Ne3 Nxa2 33. Nxc2 Nc1 34.
Kf2 Rb8 35. Ke1 Nb3 36. Ra6 Rd8 37. Ne3 Nc5 38. Rc6 Nd3+ 39. Kf1 g6 40. Nc4 d5
41. exd5 Rxd5 42. Ne3 Rd8 43. h4 h5 44. Nc4 Kg7 45. g3 Rd5 46. Ke2 Nc1+ 47. Ke3
Nb3 48. Rb6 Nc5 49. Rc6 Ne6 50. Rb6 Rc5 51. Nd6 Rc3+ 52. Ke4 Nc5+ 53. Kd5 Ne6
54. Rb7 Rxf3 55. Kxe5 Nf8 56. Ne8+ Kh6 57. Nd6 Kg7 58. Ne8+ Kh8 59. Ke4 Rf1 60.
Nd6 Kg8 61. Rb8 Kg7 62. Rb7 Ne6 63. Ne8+ Kf8 64. Nd6 Nc5+ 65. Kd4 0-1

[Event "FIDE Open World Blitz 2021"]
[Site "Warsaw"]
[Date "2021.12.29"]
[Round "6.10"]
[White "Giri, Anish"]
[Black "Sychev, Klementy"]
[Result "1/2-1/2"]
[WhiteElo "2774"]
[BlackElo "2615"]
[Annotator "TA"]
[PlyCount "96"]
[EventDate "2021.12.29"]
[EventType "swiss"]
[EventCountry "POL"]
[Tiebreak "Cut1 Buchholz"]
[SourceTitle "playchess.com"]
[Source "ChessBase"]
[SourceQuality "1"]

1. Nf3 Nf6 2. c4 e6 3. g3 d5 4. d4 dxc4 5. Bg2 Nbd7 6. O-O Rb8 7. a4 b6 8. Nbd2
Ba6 9. Qc2 Be7 10. Nxc4 Bb7 11. Nfe5 Bxg2 12. Kxg2 Nxe5 13. Nxe5 Qd5+ 14. f3 c5
15. e4 Qb7 16. dxc5 Bxc5 17. b4 Bd4 18. Bb2 Rc8 19. Qe2 Bxb2 20. Qxb2 Nxe4 21.
Nxf7 O-O 22. Ne5 Rfd8 23. Rad1 Nf6 24. b5 Nd5 25. Qb3 h6 26. Nc6 Rf8 27. Rfe1
Rce8 28. Re4 Kh8 29. Rde1 Qf7 30. Ne5 Qh5 31. h4 Rc8 32. Nc6 Rf6 33. Re5 Qf7
34. R5e2 Rf8 35. Ne5 Qc7 36. h5 Kg8 37. Rc2 Qd8 38. Re4 Rf5 39. g4 Rf4 40. Rce2
Rxe4 41. Rxe4 Nf4+ 42. Rxf4 Qd2+ 43. Kh3 Qxf4 44. Qxe6+ Kh7 45. Qg6+ Kh8 46.
Qe6 Kh7 47. Qg6+ Kh8 48. Qe6 Kh7 1/2-1/2

[Event "FIDE Open World Blitz 2021"]
[Site "Warsaw"]
[Date "2021.12.29"]
[Round "6.10"]
[White "Paravyan, David"]
[Black "Suleymanli, Aydin"]
[Result "1-0"]
[WhiteElo "2642"]
[BlackElo "2541"]
[Annotator "ChessBase"]
[PlyCount "73"]
[EventDate "2021.12.29"]
[EventType "swiss"]
[EventCountry "POL"]
[Tiebreak "Cut1 Buchholz"]
[SourceTitle "playchess.com"]
[Source "ChessBase"]
[SourceQuality "1"]

1. e4 c6 2. d4 d5 3. exd5 cxd5 4. c4 Nf6 5. Nc3 Nc6 6. Nf3 Bg4 7. Bg5 e6 8.
cxd5 exd5 9. Qb3 Bb4 10. Be2 Bxf3 11. Bxf3 Nxd4 12. Qa4+ Qd7 13. Bd1 Bxc3+ 14.
bxc3 Nc6 15. Bc2 O-O 16. O-O Ne8 17. Rfe1 Nc7 18. Qh4 f5 19. Rab1 b6 20. Ba4
Rae8 21. Rxe8 Rxe8 22. Rd1 b5 23. Bb3 Kh8 24. h3 a5 25. a4 b4 26. Bd2 Ne6 27.
cxb4 axb4 28. Bxb4 Nc7 29. Bc3 Kg8 30. a5 Qf7 31. Qf4 Kh8 32. Qd6 Na7 33. Ba4
Nab5 34. Qc5 Rb8 35. Be5 Ne6 36. Qxd5 Nbc7 37. Bxc7 1-0

[Event "FIDE Open World Blitz 2021"]
[Site "Warsaw"]
[Date "2021.12.29"]
[Round "6.11"]
[White "Howell, David W L"]
[Black "Murzin, Volodar"]
[Result "0-1"]
[WhiteElo "2648"]
[BlackElo "2519"]
[Annotator "ChessBase"]
[PlyCount "108"]
[EventDate "2021.12.29"]
[EventType "swiss"]
[EventCountry "POL"]
[Tiebreak "Cut1 Buchholz"]
[SourceTitle "playchess.com"]
[Source "ChessBase"]
[SourceQuality "1"]

1. Nf3 Nf6 2. c4 g6 3. g3 Bg7 4. Bg2 O-O 5. O-O d6 6. d4 Nbd7 7. Nc3 e5 8. e4
a6 9. h3 b5 10. dxe5 dxe5 11. a3 c6 12. Be3 Qe7 13. Qc2 Bb7 14. b4 c5 15. Nd5
Bxd5 16. cxd5 c4 17. Nd2 Ne8 18. Nb1 Nd6 19. Nc3 Rfc8 20. a4 Bf8 21. Ra2 a5 22.
Rb1 axb4 23. Rxb4 Nf5 24. Rxb5 Nd4 25. Qb1 Nxb5 26. axb5 Qb4 27. Qc2 Rxa2 28.
Nxa2 Qb3 29. Qe2 Qxb5 30. Kh2 Nc5 31. Nc3 Qb3 32. Bd2 Nd3 33. Qe3 Bb4 34. Ne2
Bxd2 35. Qxd2 Qb2 36. Qe3 Ne1 37. Nc3 Nxg2 38. Kxg2 Qc2 39. Kf3 Qd3 40. Qxd3
cxd3 41. Nd1 Rc1 42. Ne3 Re1 43. Nc4 f6 44. h4 Kf7 45. g4 Ke7 46. Nd2 h6 47.
Nc4 g5 48. h5 Kd8 49. Nd2 Kc7 50. Nc4 Kb7 51. Nd2 Kb6 52. Nc4+ Kc5 53. d6 Kxc4
54. d7 d2 0-1

[Event "FIDE Open World Blitz 2021"]
[Site "Warsaw"]
[Date "2021.12.29"]
[Round "6.11"]
[White "Petrosian, Tigran L."]
[Black "Erigaisi Arjun"]
[Result "0-1"]
[WhiteElo "2602"]
[BlackElo "2627"]
[Annotator "ChessBase"]
[PlyCount "112"]
[EventDate "2021.12.29"]
[EventType "swiss"]
[EventCountry "POL"]
[Tiebreak "Cut1 Buchholz"]
[SourceTitle "playchess.com"]
[Source "ChessBase"]
[SourceQuality "1"]

1. Nf3 c5 2. g3 Nc6 3. Bg2 g6 4. c4 Bg7 5. Nc3 e5 6. a3 Nge7 7. O-O O-O 8. Rb1
a5 9. Ne1 d6 10. Nc2 f5 11. Ne3 f4 12. Ned5 Nxd5 13. Nxd5 Nd4 14. d3 Bg4 15. f3
Be6 16. Nc3 g5 17. e3 Nf5 18. Ne4 Bh6 19. Qe1 Qe7 20. b4 axb4 21. axb4 b6 22.
bxc5 bxc5 23. g4 Nh4 24. exf4 exf4 25. Bb2 Ra2 26. Rf2 Ra7 27. Qc3 Bg7 28.
Qxg7+ Qxg7 29. Bxg7 Rxg7 30. Rb6 Rd8 31. Bf1 Rg6 32. Be2 Bf7 33. Rf1 Kg7 34.
Ra1 d5 35. Rxg6+ Nxg6 36. Nxg5 Bg8 37. cxd5 Rxd5 38. Ra7+ Kf6 39. Ne4+ Ke5 40.
Rg7 Rd8 41. Kf2 Kd4 42. Nf6 Bb3 43. Nxh7 Ne5 44. Rc7 Ra8 45. Rb7 Bd5 46. Rb2
Ra3 47. Nf6 Bxf3 48. g5 Bxe2 49. Rxe2 Nxd3+ 50. Kf1 f3 51. Re4+ Kc3 52. Re1 Ra2
53. Ne4+ Kd4 54. g6 Rxh2 55. Kg1 Rg2+ 56. Kf1 Nxe1 0-1

[Event "FIDE Open World Blitz 2021"]
[Site "Warsaw"]
[Date "2021.12.29"]
[Round "6.12"]
[White "Dubov, Daniil"]
[Black "Demidov, Mikhail"]
[Result "1-0"]
[WhiteElo "2714"]
[BlackElo "2592"]
[Annotator "ChessBase"]
[PlyCount "67"]
[EventDate "2021.12.29"]
[EventType "swiss"]
[EventCountry "POL"]
[Tiebreak "Cut1 Buchholz"]
[SourceTitle "playchess.com"]
[Source "ChessBase"]
[SourceQuality "1"]

1. d4 g6 2. e4 Bg7 3. Nc3 d6 4. f4 Nf6 5. Nf3 c5 6. dxc5 Qa5 7. Bd3 Qxc5 8. Qe2
O-O 9. Be3 Qa5 10. O-O Bg4 11. h3 Bxf3 12. Qxf3 Nc6 13. a3 Nd7 14. Rae1 Rac8
15. Kh2 Bxc3 16. bxc3 Qxc3 17. Qg3 Nc5 18. Rd1 Nxd3 19. cxd3 f5 20. a4 a6 21.
Qf3 b5 22. axb5 axb5 23. exf5 gxf5 24. Qd5+ Kh8 25. Rc1 Nb4 26. Qb7 Nc2 27.
Rxc2 Qxc2 28. Bd4+ Kg8 29. Qxe7 Qc7 30. Qg5+ Kf7 31. Qf6+ Kg8 32. Qg5+ Kf7 33.
Re1 Rg8 34. Qf6# 1-0

[Event "FIDE Open World Blitz 2021"]
[Site "Warsaw"]
[Date "2021.12.29"]
[Round "6.12"]
[White "Yuffa, Daniil"]
[Black "Petrosyan, Manuel"]
[Result "1/2-1/2"]
[WhiteElo "2567"]
[BlackElo "2599"]
[Annotator "ChessBase"]
[PlyCount "71"]
[EventDate "2021.12.29"]
[EventType "swiss"]
[EventCountry "POL"]
[Tiebreak "Cut1 Buchholz"]
[SourceTitle "playchess.com"]
[Source "ChessBase"]
[SourceQuality "1"]

1. d4 Nf6 2. c4 e6 3. g3 d5 4. Bg2 dxc4 5. Nf3 c5 6. O-O Nc6 7. dxc5 Qxd1 8.
Rxd1 Bxc5 9. Nbd2 c3 10. bxc3 O-O 11. Nb3 Be7 12. c4 Bd7 13. Bb2 Rfc8 14. Rac1
Be8 15. Nfd4 Rab8 16. Nb5 b6 17. Bxc6 Rxc6 18. Nxa7 Rd6 19. Rxd6 Bxd6 20. Nb5
Be7 21. Be5 Rc8 22. Bc7 Nd7 23. Bd6 Kf8 24. Bxe7+ Kxe7 25. a4 Ra8 26. Ra1 Ne5
27. Nd2 Ra6 28. Nc3 Nd7 29. Rb1 Nc5 30. Nde4 Nxe4 31. Nxe4 Bxa4 32. c5 Bc6 33.
cxb6 Bxe4 34. b7 Bxb7 35. Rxb7+ Kf6 36. Kg2 1/2-1/2

[Event "FIDE Open World Blitz 2021"]
[Site "Warsaw"]
[Date "2021.12.29"]
[Round "6.13"]
[White "Aronian, Levon"]
[Black "Matlakov, Maxim"]
[Result "1-0"]
[WhiteElo "2782"]
[BlackElo "2614"]
[Annotator "TA"]
[PlyCount "53"]
[EventDate "2021.12.29"]
[EventType "swiss"]
[EventCountry "POL"]
[Tiebreak "Cut1 Buchholz"]
[SourceTitle "playchess.com"]
[Source "ChessBase"]
[SourceQuality "1"]

1. e4 e5 2. Nf3 Nc6 3. Bc4 Nf6 4. d3 Bc5 5. Nc3 h6 6. h3 a6 7. a4 d6 8. Be3 O-O
9. g4 Bxe3 10. fxe3 Be6 11. g5 Bxc4 12. gxf6 Be6 13. d4 exd4 14. fxg7 Re8 15.
exd4 Qf6 16. d5 Bf5 17. dxc6 Bxe4 18. O-O Bxc6 19. Qd4 Qg6+ 20. Kh2 Qxc2+ 21.
Rf2 Qf5 22. Nh4 Qe5+ 23. Qxe5 Rxe5 24. Raf1 Rh5 25. Rxf7 Re8 26. Rf8+ Kxg7 27.
R1f7# 1-0

[Event "FIDE Open World Blitz 2021"]
[Site "Warsaw"]
[Date "2021.12.29"]
[Round "6.13"]
[White "Costachi, Mihnea"]
[Black "Bartel, Mateusz"]
[Result "1-0"]
[WhiteElo "2463"]
[BlackElo "2619"]
[Annotator "ChessBase"]
[PlyCount "77"]
[EventDate "2021.12.29"]
[EventType "swiss"]
[EventCountry "POL"]
[Tiebreak "Cut1 Buchholz"]
[SourceTitle "playchess.com"]
[Source "ChessBase"]
[SourceQuality "1"]

1. d4 e6 2. c4 b6 3. e4 Bb7 4. Bd3 Bb4+ 5. Bd2 Bxd2+ 6. Qxd2 f5 7. Nc3 Nf6 8.
f3 Nc6 9. Nge2 fxe4 10. fxe4 e5 11. d5 Ne7 12. O-O O-O 13. Ng3 d6 14. h3 Bc8
15. Nce2 Bd7 16. b4 c5 17. dxc6 Bxc6 18. Nc3 Qe8 19. Nd5 Nexd5 20. exd5 Bd7 21.
Rae1 a5 22. a3 axb4 23. Qxb4 Qb8 24. Rb1 Qc7 25. Bf5 Ra4 26. Qxb6 Qxb6+ 27.
Rxb6 Rxa3 28. Bxd7 Nxd7 29. Rxd6 Nf6 30. Nf5 Kf7 31. Re6 e4 32. Re7+ Kg8 33.
Rxg7+ Kh8 34. Re7 Ra2 35. Nh6 e3 36. Rxe3 Kg7 37. Nf5+ Kg6 38. Rg3+ Kh5 39. Rg7
1-0

[Event "FIDE Open World Blitz 2021"]
[Site "Warsaw"]
[Date "2021.12.29"]
[Round "6.14"]
[White "Kobalia, Mikhail"]
[Black "Mamedov, Rauf"]
[Result "0-1"]
[WhiteElo "2600"]
[BlackElo "2673"]
[Annotator "ChessBase"]
[PlyCount "92"]
[EventDate "2021.12.29"]
[EventType "swiss"]
[EventCountry "POL"]
[Tiebreak "Cut1 Buchholz"]
[SourceTitle "playchess.com"]
[Source "ChessBase"]
[SourceQuality "1"]

1. e4 c5 2. Nf3 d6 3. Bb5+ Bd7 4. Bxd7+ Qxd7 5. O-O Nf6 6. Qe2 Nc6 7. c3 e6 8.
d4 cxd4 9. cxd4 d5 10. e5 Ne4 11. Be3 Be7 12. Ne1 f6 13. f3 Ng5 14. Nd3 Nf7 15.
f4 O-O 16. Nd2 Nh6 17. g4 f5 18. h3 Rac8 19. Rac1 Nb4 20. Nxb4 Bxb4 21. g5 Nf7
22. Nb3 Qa4 23. Rxc8 Rxc8 24. Rc1 Rxc1+ 25. Nxc1 Nd8 26. b3 Qa5 27. Nd3 Nc6 28.
Qc2 Bc3 29. Qf2 Qb5 30. Nc1 a5 31. Kg2 a4 32. bxa4 Qxa4 33. Nb3 Qc4 34. Nc5
Nxd4 35. Nxb7 Nc6 36. Nd6 Qd3 37. Bc5 Bd4 38. Bxd4 Nxd4 39. a4 Nc2 40. Qb6 Qe2+
41. Qf2 Ne3+ 42. Kg3 Qd3 43. Kh2 Nd1 44. Qa2 Qf3 45. Qd2 Ne3 46. a5 Nf1+ 0-1

[Event "FIDE Open World Blitz 2021"]
[Site "Warsaw"]
[Date "2021.12.29"]
[Round "6.14"]
[White "Parligras, Mircea-Emilian"]
[Black "Bluebaum, Matthias"]
[Result "1/2-1/2"]
[WhiteElo "2576"]
[BlackElo "2609"]
[Annotator "ChessBase"]
[PlyCount "205"]
[EventDate "2021.12.29"]
[EventType "swiss"]
[EventCountry "POL"]
[Tiebreak "Cut1 Buchholz"]
[SourceTitle "playchess.com"]
[Source "ChessBase"]
[SourceQuality "1"]

1. d4 d5 2. c4 e6 3. Nf3 Nf6 4. Nc3 Bb4 5. Qb3 a5 6. Bg5 c5 7. cxd5 Qxd5 8.
Qxd5 Nxd5 9. Bd2 Bxc3 10. bxc3 cxd4 11. Nxd4 Ke7 12. e4 Nf6 13. f3 e5 14. Nb5
Na6 15. Be3 Be6 16. Be2 Rhc8 17. Kf2 Bc4 18. Rhd1 Bxe2 19. Kxe2 Rc6 20. Rab1 b6
21. Rd2 Nd7 22. Rbd1 Ndc5 23. Rd6 Rxd6 24. Rxd6 Rb8 25. Rc6 f6 26. g4 Kd7 27.
Rd6+ Ke7 28. Rc6 Rb7 29. h4 Na4 30. Kd2 Nb8 31. Rc8 Nd7 32. Kc2 Nac5 33. Rc6
Na6 34. h5 g6 35. h6 Rb8 36. Kb2 Ndc5 37. Kc2 Kd7 38. Rxf6 Ke7 39. Rc6 Ne6 40.
Kb2 Nac5 41. Kc2 Na4 42. g5 Nac5 43. Kb2 Na4+ 44. Kc2 Nac5 45. Bxc5+ Nxc5 46.
Rf6 Ne6 47. Na7 Nxg5 48. Rc6 Rb7 49. Nb5 Nf7 50. c4 Nxh6 51. c5 bxc5 52. Rxc5
Nf7 53. Nc3 h5 54. Nd5+ Kf8 55. Rxa5 Ng5 56. Ra8+ Kg7 57. f4 exf4 58. Nxf4 Nxe4
59. Ra6 Nf6 60. Ne6+ Kh6 61. Nf4 Rf7 62. a4 Kg5 63. Ne6+ Kf5 64. Nd4+ Ke4 65.
Ne6 Ke5 66. a5 Nd5 67. Ng5 Rc7+ 68. Kd1 Kf5 69. Nf3 g5 70. Rd6 Rc5 71. a6 Ra5
72. a7 Ne3+ 73. Ke2 Kf4 74. Rf6+ Nf5 75. Nd4 Rxa7 76. Rxf5+ Kg4 77. Re5 h4 78.
Kf2 h3 79. Re4+ Kh5 80. Ne2 Ra3 81. Ng3+ Kg6 82. Re6+ Kf7 83. Rb6 g4 84. Rb4
Rf3+ 85. Kg1 Rxg3+ 86. Kh2 Rg2+ 87. Kh1 Kf6 88. Rf4+ Kg5 89. Rf5+ Kh4 90. Rh5+
Kg3 91. Rxh3+ Kf2 92. Ra3 Rg1+ 93. Kh2 g3+ 94. Kh3 Rh1+ 95. Kg4 g2 96. Ra2+ Kf1
97. Ra1+ Kf2 98. Ra2+ Kf1 99. Ra1+ Ke2 100. Ra2+ Kf1 101. Ra1+ Kf2 102. Ra2+
Kf1 103. Ra1+ 1/2-1/2